000 00800cac a2200265 a 4500
003 Co-PeBPM
005 20250423120052.0
008 231129e1980||||xx a||||||||||||| ||spa||
020 _a9682408245
040 0 _aCo-PeBPM
_bspa
_cCo-PeBPM
_erda
041 _aspa
082 0 4 _a410 C678e
_222
100 1 _aCohen, David
_eAutor
245 1 0 _aExplicación Del Fenómeno Lingüístico
_c/David Cohen
260 _aMéxico D.F
_b: Editorial Trillas
_c, 1980
300 _a235 Páginas
_c; 23 Centímetros
500 _aIncluye Índice Analítico y De Autores
501 _aIncluye Conclusiones.
504 _aIncluye Bibliografía.
650 1 4 _2LEMB
_aLingüística
650 1 4 _2LEMB
_aLenguaje
650 1 4 _2LEMB
_aLenguas
700 _aRivadeneira Prada, Raúl
_eTraductor
942 _2ddc
_cBK
999 _c13811
_d13811